טוען...

Indian social system /

מידע ביבליוגרפי
מחבר ראשי: Ram Ahuja
פורמט: Printed Book
שפה:English
יצא לאור: Jaipur : Rawat Publications, 1994.
LEADER 00787nam a2200169Ia 4500
008 150624b xxu||||| |||| 00| 0 eng d
020 |a 817033197x 
020 |a 817033197x 
082 |a 305.50954 
100 |a Ram Ahuja 
245 |a Indian social system /  |c Ram Ahuja 
260 |a Jaipur :  |b Rawat Publications,  |c 1994. 
300 |a 458 p. 
505 |a 1.Hindu philosophy: continuity and change 2. Unity in diversity 3. Family system 4. Kinship system 5. Status of women 6. Hindu marriage 7. Muslim and christian marriages 8.Age at marriage 9. Divorce 10. Dowry 11. Inter-caste marriage 12. Caste: concept, 
942 |c BK 
999 |c 46365  |d 46365 
952 |0 0  |1 0  |4 0  |6 305_509540000000000_RAM_I  |7 0  |9 46350  |a UL  |b UL  |c ST1  |d 1998-09-01  |l 9  |m 5  |o 305.50954 RAM/I  |p 68053  |r 2019-04-30  |s 2019-02-27  |w 2012-10-27  |y BK